Инженерное проектирование и САПР в электрических машинах: электронный курс

Bibliografiske detaljer
Hovedforfatter: Муравлев О. П. Олег Павлович
Institution som forfatter: Национальный исследовательский Томский политехнический университет (ТПУ) Энергетический институт (ЭНИН) Кафедра электротехнических комплексов и материалов (ЭКМ)
Andre forfattere: Усачева Т. В. Татьяна Владимировна
Summary:Заглавие с экрана
Основными целями дисциплины являются: формирование углубленных знаний студентов о теоретической базе построения САПР; общих методах проектирования электромеханических преобразователей энергии с использованием современных ЭВМ; получение навыков использования САПР при проектировании конкретных типов электрических машин и аппаратов. В результате освоения данной дисциплины обеспечивается достижение целей Ц1, Ц3 и Ц5 основной образовательной магистерской программы "Технология проектирования и производства электромеханических преобразователей энергии"; приобретенные знания, умения и навыки позволят подготовить выпускника: к проектно-конструкторской деятельности, способного к расчету, электромеханических преобразователей энергии, анализу и проектированию различных типов электрических машин и аппаратов с использованием современных средств автоматизации проектных разработок (Ц1); к научно-исследовательской деятельности, в том числе в междисциплинарных областях, связанной с математическим моделированием процессов в электромеханических преобразователях энергии, проведением экспериментальных исследований и анализом их результатов (Ц3); к самообучению и непрерывному профессиональному самосовершенствованию: подготовка выпускников к самообучению и непрерывному профессиональному самосовершенствованию. (Ц 5).
Доступ по логину и паролю
Sprog:russisk
Udgivet: Томск, TPU Moodle, 2014
Fag:
Online adgang:https://design.lms.tpu.ru/course/view.php?id=139
Format: MixedMaterials Electronisk Bog
KOHA link:https://koha.lib.tpu.ru/cgi-bin/koha/opac-detail.pl?biblionumber=651690

MARC

LEADER 00000nlm0a2200000 4500
001 651690
005 20231220160821.0
035 |a (RuTPU)RU\TPU\network\16939 
035 |a RU\TPU\network\16937 
090 |a 651690 
100 |a 20161118d2014 m y0rusy50 ca 
101 0 |a rus 
102 |a RU 
105 |a a j 000zy 
135 |a jrcn ---uucaa 
181 0 |a i  
182 0 |a b 
200 1 |a Инженерное проектирование и САПР в электрических машинах  |e электронный курс  |f О. П. Муравлев, Т. В. Усачева  |g Национальный исследовательский Томский политехнический университет (ТПУ), Энергетический институт (ЭНИН), Кафедра электротехнических комплексов и материалов (ЭКМ) 
203 |a Текст  |c электронный 
210 |a Томск  |c TPU Moodle  |d 2014 
300 |a Заглавие с экрана 
330 |a Основными целями дисциплины являются: формирование углубленных знаний студентов о теоретической базе построения САПР; общих методах проектирования электромеханических преобразователей энергии с использованием современных ЭВМ; получение навыков использования САПР при проектировании конкретных типов электрических машин и аппаратов. В результате освоения данной дисциплины обеспечивается достижение целей Ц1, Ц3 и Ц5 основной образовательной магистерской программы "Технология проектирования и производства электромеханических преобразователей энергии"; приобретенные знания, умения и навыки позволят подготовить выпускника: к проектно-конструкторской деятельности, способного к расчету, электромеханических преобразователей энергии, анализу и проектированию различных типов электрических машин и аппаратов с использованием современных средств автоматизации проектных разработок (Ц1); к научно-исследовательской деятельности, в том числе в междисциплинарных областях, связанной с математическим моделированием процессов в электромеханических преобразователях энергии, проведением экспериментальных исследований и анализом их результатов (Ц3); к самообучению и непрерывному профессиональному самосовершенствованию: подготовка выпускников к самообучению и непрерывному профессиональному самосовершенствованию. (Ц 5). 
333 |a Доступ по логину и паролю 
606 1 |a Электрические машины  |x Проектирование  |2 stltpush  |3 (RuTPU)RU\TPU\subj\27126  |9 50924 
610 1 |a электронный ресурс 
610 1 |a труды учёных ТПУ 
610 1 |a электронное обучение 
610 1 |a электронные курсы ТПУ 
610 1 |a системы 
610 1 |a проектирование 
610 1 |a автоматизация 
610 1 |a инженерное проектирование 
610 1 |a оптимальное проектирование 
610 1 |a электромеханические преобразования 
610 1 |a электронные учебные пособия 
675 |a 621.313.001.6(075.8)  |v 3 
700 1 |a Муравлев  |b О. П.  |c специалист в области электротехники  |c профессор Томского политехнического университета, доктор технических наук  |f 1937-  |g Олег Павлович  |3 (RuTPU)RU\TPU\pers\19841 
701 1 |a Усачева  |b Т. В.  |c специалист в области электротехники  |c доцент Томского политехнического университета, кандидат технических наук  |f 1976-  |g Татьяна Владимировна  |3 (RuTPU)RU\TPU\pers\26688  |9 12346 
712 0 2 |a Национальный исследовательский Томский политехнический университет (ТПУ)  |b Энергетический институт (ЭНИН)  |b Кафедра электротехнических комплексов и материалов (ЭКМ)  |3 (RuTPU)RU\TPU\col\20031 
801 2 |a RU  |b 63413507  |c 20220112  |g RCR 
856 4 |u https://design.lms.tpu.ru/course/view.php?id=139 
942 |c CF